| 000 | 00897nac a22002411u 4500 | ||
|---|---|---|---|
| 010 | _a 75015951 | ||
| 020 | _a0801649617 | ||
| 082 | 0 | 0 |
_a616.075 _bT573 |
| 090 |
_c3623 _d3623 |
||
| 100 | _aTilkian, Sarko M., | ||
| 245 | 1 | 0 |
_aClinical implications of laboratory tests / _cSarko M. Tilkian, Mary H. Conover, contributor, Ara G. Tilkian. |
| 260 |
_aSaint Louis : _bC. V. Mosby Co.,1975 _c1975. |
||
| 300 |
_axv, 232 p. : _bill. ; _c25 cm. |
||
| 500 | _aIncludes index. | ||
| 500 | _aDonations | ||
| 500 | _aDonations-Bibliotheca Alexandrina | ||
| 504 | _aBibliography: p. 212. | ||
| 650 | 0 | _aDiagnosis, Laboratory. | |
| 650 | 0 | _aDiagnosis, Laboratory. | |
| 700 | 1 |
_aConover, Mary Boudreau, _d1931- |
|
| 942 |
_cBB _k616.075T573 |
||
| 999 |
_c3623 _d3623 |
||